000 00697nam a2200229 a 4500
001 55262
003 BD-RjUL
005 20211209080235.0
008 740506s1955 nyua b 000 0 eng
035 _a(BD-RjUL)55384
040 _aDLC
_cPPi
_dBD-RjUL
_beng
041 _aeng
082 _223
_a821.8
_bDEB 1955
100 1 _aDeVane, William C.
_q(William Clyde),
_d1898-1965.
_9164639
245 1 2 _aA Browning handbook /
_cWilliam C DeVane
250 _a2d ed.
260 _aNew York :
_bAppleton-Century-Crofts,
_c1955
300 _a594 p. :
_billus. ;
_c22 cm.
504 _aIncludes bibliography.
600 1 0 _aBrowning, Robert,
_d1812-1889
_xHandbooks, manuals, etc.
_9164640
942 _2ddc
_cBK
999 _c55262
_d55262